| 000 | 00939nam a22002057a 4500 | ||
|---|---|---|---|
| 003 | OSt | ||
| 005 | 20250917172837.0 | ||
| 008 | 240326b ||||| |||| 00| 0 eng d | ||
| 040 | _c0 | ||
| 082 | _aDPer 621.381 In821 September 2022 v. 37 n. 9 | ||
| 100 |
_aYe, Zichao. _eauthor. _955442 |
||
| 245 |
_aModeling and comparison of passive component volume of hybrid resonant switched-capacitor converters / _cZichao Ye, Seth R. Sanders, and Robert Carl Nikolai Pilawa-Podgurski. |
||
| 260 |
_aNew York ; _bThe Institute of Electrical and Electronics Engineers, Inc. , _cSeptember 2022. |
||
| 300 |
_aVolume 37, pages 10903-10919 : _billustration ; _c28 cm. |
||
| 500 | _aIEEE Transitions on Power Electronics, v. 37 n. 9, pages 10903-10919, September 2022. | ||
| 700 |
_aYe, Zichao. _eauthor. _955442 |
||
| 700 |
_aSanders, Seth R. _eauthor. _955443 |
||
| 700 |
_aPilawa-Podgurski, Robert Carl Nikolai. _eauthor. _955444 |
||
| 942 |
_2ddc _cPER |
||
| 999 |
_c19870 _d19870 |
||